Arranged marriage / (Record no. 25844)
[ view plain ]
| 000 -LEADER | |
|---|---|
| fixed length control field | 00936 a2200229 4500 |
| 005 - DATE AND TIME OF LATEST TRANSACTION | |
| control field | 20090302144546.0 |
| 008 - FIXED-LENGTH DATA ELEMENTS--GENERAL INFORMATION | |
| fixed length control field | 090302t xxu||||| |||| 00| 0 eng d |
| 010 ## - LCCN (DPL NO) | |
| LC control number | B-284503 |
| 020 ## - INTERNATIONAL STANDARD BOOK NUMBER | |
| International Standard Book Number | 9780552996693 |
| Terms of availability | (£3.95) 355.50 |
| 035 ## - SYSTEM CONTROL NUMBER | |
| System control number | B-284503 |
| 037 ## - SOURCE OF ACQUISITION | |
| Source of stock number/acquisition | Pansy |
| 040 ## - CATALOGING SOURCE | |
| Original cataloging agency | DPL |
| Language of cataloging | English |
| 082 ## - DEWEY DECIMAL CLASSIFICATION NUMBER | |
| Classification number | S |
| 100 ## - MAIN ENTRY--PERSONAL NAME | |
| Personal name | Divakaruni, Chitra Banerjee |
| 245 ## - TITLE STATEMENT | |
| Title | Arranged marriage / |
| Statement of responsibility, etc | by Chitra Banerjee Divakaruni |
| 260 ## - PUBLICATION, DISTRIBUTION, ETC. (IMPRINT) | |
| Place of publication, distribution, etc | London |
| Name of publisher, distributor, etc | Black Swan |
| Date of publication, distribution, etc | 1997 |
| 270 ## - ADDRESS | |
| Address | 61-63 Uxbridge Road |
| City | London |
| Postal code | W5 5SA |
| 300 ## - PHYSICAL DESCRIPTION | |
| Extent | 307p. |
| Dimensions | 20cm. (pbk) |
| 942 ## - ADDED ENTRY ELEMENTS (KOHA) | |
| Institution code [OBSOLETE] | dpl |
| Item type | English Books |
| Source of classification or shelving scheme | Dewey Decimal Classification |
| Classification part | S |
| Call number suffix | DIV |
| Withdrawn status | Lost status | Source of classification or shelving scheme | Damaged status | Not for loan | Collection code | Home library | Current library | Date acquired | Source of acquisition | Cost, normal purchase price | Total Checkouts | Total Renewals | Full call number | Barcode | Date last seen | Copy number | Cost, replacement price | Koha item type |
|---|---|---|---|---|---|---|---|---|---|---|---|---|---|---|---|---|---|---|
| Dewey Decimal Classification | Fiction | Vinoba Puri | Vinoba Puri | 23/04/2009 | Pansy/782/5.8.08/184/21.7.08/13.8.08 | 0.00 | 5 | 4 | S DIV | B-284503 | 20/03/2010 | 1 | 0.00 | English Books | ||||
| Dewey Decimal Classification | Fiction | Yojana Vihar | Yojana Vihar | 23/10/2019 | BPPD/PUB | 0.00 | 3 | S DIV | B-212902 | 10/08/2022 | 0.00 | English Books |
